000
00315nam a22001217a 4500
082
_a
346.02
_b
SIN
100
_a
Singh, Avtar
245
_a
Textbook of Law of Contract /
_c
Avtar Singh
260
_a
Lahore:
_b
Civil & Criminal Law Publications,
_c
2020.
300
_a
310 p.
563
_a
PB.
942
_2
ddc
_c
BK
999
_c
614003
_d
614003